Regional Economic Issues, April 2015, Europe : The Western Balkans: 15 Years of Economic Transition.

This report analyses the main economic developments and achievements in the Western Balkan countries, and lays out the key macroeconomic policy challenges for the future.

Bibliografiske detaljer
Institution som forfatter: International Monetary Fund. European Dept
Format: Tidsskrift
Sprog:English
Udgivet: Washington, D.C. : International Monetary Fund, 2015.
Serier:Regional Economic Outlook
Online adgang:Full text available on IMF
LEADER 01262cas a2200241 a 4500
001 AALejournalIMF014995
008 230101c9999 xx r poo 0 0eng d
020 |c 20.00 USD 
020 |z 9781498356510 
022 |a 2071-4157 
040 |a BD-DhAAL  |c BD-DhAAL 
110 2 |a International Monetary Fund.  |b European Dept. 
245 1 0 |a Regional Economic Issues, April 2015, Europe :   |b The Western Balkans: 15 Years of Economic Transition. 
264 1 |a Washington, D.C. :  |b International Monetary Fund,  |c 2015. 
300 |a 1 online resource (118 pages) 
490 1 |a Regional Economic Outlook 
500 |a <strong>Off-Campus Access:</strong> No User ID or Password Required 
500 |a <strong>On-Campus Access:</strong> No User ID or Password Required 
506 |a Electronic access restricted to authorized BRAC University faculty, staff and students 
520 3 |a This report analyses the main economic developments and achievements in the Western Balkan countries, and lays out the key macroeconomic policy challenges for the future. 
538 |a Mode of access: Internet 
830 0 |a Regional Economic Outlook 
856 4 0 |z Full text available on IMF  |u http://elibrary.imf.org/view/books/086/22330-9781498356510-en/22330-9781498356510-en-book.xml  |z IMF e-Library